|
|
|
|
| LEADER |
00000nam0a2200000 4500 |
| 001 |
113103 |
| 005 |
20231031121721.0 |
| 010 |
|
|
|a 9785922107747
|
| 035 |
|
|
|a (RuTPU)RU\TPU\book\122337
|
| 090 |
|
|
|a 113103
|
| 100 |
|
|
|a 20070406d2007 k y0rusy50 ca
|
| 101 |
0 |
|
|a rus
|
| 102 |
|
|
|a RU
|
| 105 |
|
|
|a y z 001zy
|
| 200 |
1 |
|
|a Высшая школа России с позиций нелинейной динамики: проблемы, оценки, модели
|f М. Н. Стриханов [и др.]
|
| 210 |
|
|
|a Москва
|c Физматлит
|d 2007
|
| 215 |
|
|
|a 192 с.
|
| 320 |
|
|
|a Библиогр.: с. 187-191.
|
| 330 |
|
|
|a В монографии собраны результаты междисциплинарных исследований, в которых предпринята попытка применить теоретические методы радиофизики и нелинейной динамики к анализу социальной системы «профессорско-преподавательский состав высшей школы Российской Федерации». Для специалистов и всех читателей, интересующихся указанной тематикой.
|
| 610 |
1 |
|
|a образование
|
| 610 |
1 |
|
|a педагогика
|
| 610 |
1 |
|
|a вузы
|
| 610 |
1 |
|
|a высшее образование
|
| 610 |
1 |
|
|a Россия
|
| 610 |
1 |
|
|a возрастной состав
|
| 610 |
1 |
|
|a функционирование
|
| 610 |
1 |
|
|a нелинейная динамика
|
| 610 |
1 |
|
|a эффективность
|
| 610 |
1 |
|
|a диагностика
|
| 610 |
1 |
|
|a состояние
|
| 610 |
1 |
|
|a методы
|
| 610 |
1 |
|
|a коррекция
|
| 610 |
1 |
|
|a преподаватели
|
| 610 |
1 |
|
|a студенты
|
| 610 |
1 |
|
|a анкеты
|
| 610 |
1 |
|
|a опросные листы
|
| 610 |
1 |
|
|a рейтинги
|
| 686 |
|
|
|a Ч484(2)
|v LBC/SL-A
|2 rubbk
|
| 701 |
|
1 |
|a Стриханов
|b М. Н.
|
| 701 |
|
1 |
|a Трубецков
|b Д. И.
|
| 701 |
|
1 |
|a Короновский
|b А. А.
|
| 701 |
|
1 |
|a Шараевский
|b Ю. П.
|
| 701 |
|
1 |
|a Храмов
|b А. Е.
|
| 801 |
|
1 |
|a RU
|b 63413507
|c 20070406
|g PSBO
|
| 801 |
|
2 |
|a RU
|b 63413507
|c 20070502
|g PSBO
|
| 942 |
|
|
|c BK
|